000 00495nmm a2200169Ia 4500
008 251105s9999||||xx |||||||||||||||||und||
020 _a9788495839701
041 _aspa
100 _aAlmodóvar, Pedro
245 0 _aLa mala educación :
_b guión cinematográfico de Pedro Almodóvar
264 _a[Madrid, España] :
_bOcho y Medio,
_c2004
300 _a208 páginas
490 _aEspiral
650 _aFilm studies
856 _uhttps://public.digitaliapublishing.com/a/372
942 _cCF
999 _c89675
_d89675